BIOCHIMICA ET BIOPHYSICA ACTA: PROTEIN STRUCTURE AND MOLECULAR ENZYMOLOGY (Record no. 13111)

MARC details
000 -LEADER
fixed length control field 00502nam a2200145Ia 4500
022 ## - INTERNATIONAL STANDARD SERIAL NUMBER
ISSN 0006-3002
245 #0 - TITLE STATEMENT
Title BIOCHIMICA ET BIOPHYSICA ACTA: PROTEIN STRUCTURE AND MOLECULAR ENZYMOLOGY
260 ## - PUBLICATION, DISTRIBUTION, ETC. (IMPRINT)
Name of publisher Elsevier Science Publishers B.V., Amsterdam, The Netherlands
310 ## - CURRENT PUBLICATION FREQUENCY
Current publication frequency 15y
500 ## - GENERAL NOTE
General note Ending Volume & Year: 869, 1986
500 ## - GENERAL NOTE
General note Missing Volume: 710-741;750-783;792-826;833-868
500 ## - GENERAL NOTE
General note Starting Volume & Year: 700, 1982
942 ## - ADDED ENTRY ELEMENTS (KOHA)
Koha item type Bound Journal
Holdings
Withdrawn status Lost status Damaged status Not for loan Home library Current library Date acquired Accession Number Koha item type
      Bound journals RRII Library RRII Library 31/12/2021 12955J Bound Journal